00506nam a22001697a 450000500170000001000150001702000270003203500140005903700130007308200170008610000190010324500370012226000260015927000770018530000230026250000510028520200212120350.0 aENG-127703 c1195.00a9789353289409 aEN-111235 bDBAD/PUB a304.28095416 aBaviskar,Amita aUncivil City/cby Amita Baviskar aNew Delhic2020bSage aB1/1-1 Mohan Cooperative Industrial Area Mathura Roade110044bNew Delhi axv;243p.b22cm(hb) aincludes bibliographical references and index